Match City to U.S. State - Click Quiz - Statistics

General Stats
  • This quiz has been taken 46 times
  • The average score is 27 of 50
Answer Stats
Hint Answer % Correct
Albuquerque New Mexico
93%
Cheyenne Wyoming
90%
Salt Lake City Utah
85%
Seattle Washington
85%
Tucson Arizona
83%
San Bernardino California
83%
Pittsburgh Pennsylvania
83%
Fort Worth Texas
83%
Milwaukee Wisconsin
83%
Knoxville Tennessee
78%
East Hartford Connecticut
75%
Kilauea Hawaii
75%
Tulsa Oklahoma
75%
Yonkers New York
73%
Eugene Oregon
73%
Sioux Falls South Dakota
70%
Myrtle Beach South Carolina
68%
Nantucket Massachusetts
65%
Fargo North Dakota
65%
Branson Missouri
63%
Tuscaloosa Alabama
60%
Dodge City Kansas
60%
Biloxi Mississippi
60%
Winston-Salem North Carolina
58%
Newport News Virginia
58%
Ketchikan Alaska
55%
Dubuque Iowa
55%
Okeechobee Florida
53%
Paterson New Jersey
53%
West Memphis Arkansas
50%
Coeur d'Alene Idaho
50%
Owensboro Kentucky
50%
North Platte Nebraska
45%
Zanesville Ohio
43%
Silver Spring Maryland
40%
Martinsburg West Virginia
40%
Muskegon Michigan
38%
Eagan Minnesota
38%
Waukegan Illinois
35%
Elko Nevada
35%
Kenner Louisiana
33%
Cranston Rhode Island
33%
Arvada Colorado
28%
Fishers Indiana
28%
Sandy Springs Georgia
23%
Slaughter Beach Delaware
18%
Somersworth New Hampshire
18%
Anaconda Montana
15%
Winooski Vermont
13%
Dover-Foxcroft Maine
8%
No matching quizzes found
Score Distribution
Percent of People with Each Score
Percentile by Number Answered
Your Score History
You have not taken this quiz